000 00879nas a2200301 4500
001 BR2014003668
003 BR-BrBNA
005 20231205124129.0
007 ta
008 230509b bl.|||p| |||| 00| 00por d
040 _aBR-BrBNA
_bpor
_cBiblioteca Nacional de Agricultura
041 _a(En)
072 _aM12
100 1 _aCopatti, C.E.
100 1 _aGarcia, L. de O.
100 1 _aKochhann, D.
100 1 _aCunha, M.A.
100 1 _aBaldisserotto, B.
245 1 _aDietary salt and water pH effects on growth and Na+ fluxes of silver catfish juveniles
650 _aBAGRE
650 _aDIETA
650 _aSAL
650 _aÁGUA
650 _aPISCICULTURA
773 0 _tActa Scientiarum. Animal Sciences (Brazil)
_xISSN 1806-2636
_g(Jul-Sep 2011), v. 33(3) p. 261-266
_wBR2014003668
909 _a202311
_bLúcia
_c55
_dLúcia Elande
942 _2AGRIS
_n0
_cANA
999 _c237452
_d237452